000 00404nam a22001457a 4500
003 macl
005 20151226161258.0
008 151226b xxu||||| |||| 00| 0 eng d
040 _cmacl
041 _aEnglish
100 _aJayalakshmi Eshwar
_922969
245 _aBharatanatyam How To A Step-By-Step ASpproach to Learn The Classical Dance From
260 _aDelhi
_bB.R. Rhythms
_c2010
942 _2ddc
_cBK
999 _c52005
_d52005